000 00544pab a2200169 454500
008 180718b2014 xxu||||| |||| 00| 0 eng d
100 _aBajpai, B.K.
245 _aRTE norms and performance of elementary education: Analysis of selected districts in Uttar Pradesh
260 _c2014
300 _ap.114-125.
650 _aRight to education - India - Uttar Pradesh
650 _aPrimary education - India - Uttar Pradesh
650 _aPrimary education
773 _aIndian Journal of Regional Science
908 _aN
909 _a104717
999 _c104712
_d104712